Malý sprievodca ekonomikou Slovenska
Saved in:
| Main Author: | |
|---|---|
| Other Authors: | |
| Format: | Book |
| Language: | Slovak |
| Published: |
Bratislava
Práca, vydavateľstvo ROH
1965
|
| Series: | Malá knižnica ekonomiky
|
| Subjects: | |
| Tags: |
No Tags, Be the first to tag this record!
|
MARC
| LEADER | 00000nam$a2200000$$$4500 | ||
|---|---|---|---|
| 001 | 0001400 | ||
| 005 | 20240109104425.4 | ||
| 041 | 0 | |a slo | |
| 044 | |a CS | ||
| 245 | 1 | 0 | |a Malý sprievodca ekonomikou Slovenska |c Ján Kováčik - Bohuslav Válik |
| 264 | 1 | |a Bratislava |b Práca, vydavateľstvo ROH |c 1965 | |
| 300 | |a 229 s. | ||
| 490 | 1 | |a Malá knižnica ekonomiky | |
| 830 | 0 | |a Malá knižnica ekonomiky | |
| 610 | 2 | 0 | |a situácia hospodárska |
| 610 | 2 | 0 | |a politika hospodárska |
| 610 | 2 | 0 | |a odvetvia činnosti ekonomickej |
| 610 | 2 | 0 | |a Slovensko |
| 100 | 1 | |a Kováčik, Ján | |
| 700 | 1 | |a Válik, Bohuslav | |